000 00665nam a22002657a 4500
003 UA-OsUOA
001 58017
007 ta
008 20090122b un ||||| |||| 00| 0 ukr d
090 _a32
_bУ45
942 _cMG
040 _aUA-OsUOA
_bukr
_cUA-OsUOA
_dUA-OsUOA
245 _aУкраїна
_cГол. ред. Юрченко І.
300 _aС.96
955 _a4
041 _aukr
080 _a32
022 _a0130-5212
260 _aК.
246 3 1 _aГромадсько-політичний літературно-художній часопис
_n
044 _aUA
962 _a1997
099 _a74493
650 7 _a32 Політика
_2UDC
999 _c344090
_d344090